Contracting States : (Record no. 13551)
[ view plain ]
| 000 -LEADER | |
|---|---|
| fixed length control field | 01414cam a22003378a 4500 |
| 001 - CONTROL NUMBER | |
| control field | 15494907 |
| 005 - DATE AND TIME OF LATEST TRANSACTION | |
| control field | 20100218095818.0 |
| 008 - FIXED-LENGTH DATA ELEMENTS--GENERAL INFORMATION | |
| fixed length control field | 081023s2009 nju |rb 001 0 eng |
| 010 ## - LIBRARY OF CONGRESS CONTROL NUMBER | |
| LC control number | 2008043873 |
| 020 ## - INTERNATIONAL STANDARD BOOK NUMBER | |
| International Standard Book Number | 9780691137230 (hardcover : alk. paper) |
| 020 ## - INTERNATIONAL STANDARD BOOK NUMBER | |
| International Standard Book Number | 9780691137247 (pbk. : alk. paper) |
| 040 ## - CATALOGING SOURCE | |
| Original cataloging agency | DLC |
| Transcribing agency | DLC |
| 043 ## - GEOGRAPHIC AREA CODE | |
| Geographic area code | e-fr--- |
| -- | e-uk--- |
| -- | n-us--- |
| 050 00 - LIBRARY OF CONGRESS CALL NUMBER | |
| Classification number | JZ4034 |
| Item number | .C665 2009 |
| 082 00 - DEWEY DECIMAL CLASSIFICATION NUMBER | |
| Classification number | 355.7 |
| Edition number | 22 |
| Item number | COO |
| 100 1# - MAIN ENTRY--PERSONAL NAME | |
| Personal name | Cooley, Alexander, |
| Dates associated with a name | 1972- |
| 9 (RLIN) | 12086 |
| 245 10 - TITLE STATEMENT | |
| Title | Contracting States : |
| Remainder of title | Sovereign Transfers in International Relations / |
| Statement of responsibility, etc | Alexander Cooley and Hendrik Spruyt. |
| 260 ## - PUBLICATION, DISTRIBUTION, ETC. (IMPRINT) | |
| Place of publication, distribution, etc | Princeton, NJ : |
| Name of publisher, distributor, etc | Princeton University Press, 2009 |
| Date of publication, distribution, etc | c2009. |
| 263 ## - PROJECTED PUBLICATION DATE | |
| Projected publication date | 0904 |
| 300 ## - PHYSICAL DESCRIPTION | |
| Extent | 232 p.; |
| Dimensions | 22 cm. |
| 504 ## - BIBLIOGRAPHY, ETC. NOTE | |
| Bibliography, etc | Includes bibliographical references and index. |
| 650 #0 - SUBJECT ADDED ENTRY--TOPICAL TERM | |
| Topical term or geographic name as entry element | Sovereignty. |
| 9 (RLIN) | 12087 |
| 650 #0 - SUBJECT ADDED ENTRY--TOPICAL TERM | |
| Topical term or geographic name as entry element | Military bases, American |
| Geographic subdivision | Foreign countries. |
| 9 (RLIN) | 12088 |
| 650 #0 - SUBJECT ADDED ENTRY--TOPICAL TERM | |
| Topical term or geographic name as entry element | Military bases, British |
| Geographic subdivision | Foreign countries. |
| 9 (RLIN) | 12089 |
| 650 #0 - SUBJECT ADDED ENTRY--TOPICAL TERM | |
| Topical term or geographic name as entry element | France |
| General subdivision | Armed Forces |
| Geographic subdivision | Foreign countries. |
| 9 (RLIN) | 12090 |
| 650 #0 - SUBJECT ADDED ENTRY--TOPICAL TERM | |
| Topical term or geographic name as entry element | Regionalism (International organization) |
| 9 (RLIN) | 12091 |
| 700 1# - ADDED ENTRY--PERSONAL NAME | |
| Personal name | Spruyt, Hendrik, |
| Dates associated with a name | 1956- |
| 9 (RLIN) | 12092 |
| 942 ## - ADDED ENTRY ELEMENTS (KOHA) | |
| Source of classification or shelving scheme | Dewey Decimal Classification |
| Item type | NB - Book (Non borrowing) |
| Withdrawn status | Item status | Source of classification or shelving scheme | Damaged status | Not for loan | Vendor | Home library | Current library | Shelving location | Date acquired | Source of acquisition | Cost, normal purchase price | Serial Enumeration / chronology | Total Checkouts | Full call number | Barcode | Date last seen | Date last borrowed | Koha item type |
|---|---|---|---|---|---|---|---|---|---|---|---|---|---|---|---|---|---|---|
| Dewey Decimal Classification | MERIC | Central Library | Central Library | First floor | 01/03/2010 | 168.00 | 10029 | 1 | 355.7 COO | 000019534 | 15/07/2025 | 23/06/2010 | Book - Borrowing |